| Tag |
First Indicator |
Second Indicator |
Subfields |
| LEADER |
00000cam a2200000 a 4500 |
| 001 |
in00000531021 |
| 005 |
20151013161952.0 |
| 008 |
830310s1984 enka b 00100 eng |
| 010 |
|
|
|a 83005905
|
| 020 |
|
|
|a 0471901032 :
|c $79.20
|
| 035 |
|
|
|a (OCoLC)09392868
|
| 035 |
|
|
|9 ACG6656AM
|
| 039 |
0 |
|
|a 2
|b 3
|c 3
|d 3
|e 3
|
| 040 |
|
|
|a DLC
|c DLC
|d OCL
|d TXA
|d UtOrBLW
|
| 049 |
|
|
|a TXAM
|c [805203]
|
| 050 |
0 |
0 |
|a QK751
|b .A36 1984
|
| 082 |
0 |
|
|a 581.5/222
|2 19
|
| 245 |
0 |
0 |
|a Air pollution and plant life /
|c edited by Michael Treshow.
|
| 264 |
|
1 |
|a Chichester [West Sussex] ;
|a New York :
|b Wiley,
|c [1984]
|
| 264 |
|
4 |
|c ©1984
|
| 300 |
|
|
|a xii, 486 pages :
|b illustrations ;
|c 24 cm.
|
| 336 |
|
|
|a text
|b txt
|2 rdacontent
|
| 337 |
|
|
|a unmediated
|b n
|2 rdamedia
|
| 338 |
|
|
|a volume
|b nc
|2 rdacarrier
|
| 490 |
1 |
|
|a Environmental monographs and symposia
|
| 500 |
|
|
|a "A Wiley-Interscience publication."
|
| 504 |
|
|
|a Includes bibliographies and index.
|
| 650 |
|
0 |
|a Plants
|x Effect of air pollution on.
|
| 650 |
|
0 |
|a Air
|x Pollution
|x Environmental aspects.
|
| 700 |
1 |
|
|a Treshow, Michael.
|
| 830 |
|
0 |
|a Environmental monographs and symposia.
|
| 999 |
|
|
|a MARS
|
| 999 |
f |
f |
|s 8a1c9d2c-e7f4-39fe-89aa-815852e0f07c
|i 10203ddc-acfc-35c9-bd8a-bbc5c6689493
|t 0
|
| 952 |
f |
f |
|p ric
|a Texas A&M University
|b Rellis Campus
|c Joint Library Facility
|d Remote Storage
|t 0
|e QK751 .A36 1984
|h Library of Congress classification
|i unmediated -- volume
|m A14808181899
|
| 998 |
f |
f |
|a QK751 .A36 1984
|t 0
|l Remote Storage
|